000 00455nam a2200181Ia 4500
001 14115
005 20260306164850.0
008 260306t2009||||xx |||||||||||||| ||spa||
041 _aESP
082 _a006.7
_bL99
100 _aLuque Ordoñez, Javier
_eAUT
245 0 _aVideoconferencia:
_btecnología, sistemas y aplicaciones
260 _c2009
300 _a404 páginas :
_c23 cm.
650 _aGEN
654 _aCCC
942 _cLIB
_dJUS
_fJUS
_2ddc
_n
999 _c14115
_d14115